000 01087nam a2200325 a 4500
001 21195
003 VRT
005 20260224143713.0
008 140401s1951 xo 000 0 slo d
035 _aa000501195
039 9 _a202507071529
_bAUTHORITY
_c202505131519
_dAUTHORITY
_c201901160939
_dAUTHORITY
040 _aUKB
_bslo
_cUKB
_eAACR2
041 1 _aslo
_hrus
044 _axo
_cSK
100 1 _aMajakovskij, Vladimir Vladimirovič,
_d1893-1930
245 1 0 _aBásne
_bvýbor básní
_cVladimír Vladimírovič Majakovskij ; preložili: Rudolf Fabry, Miroslav Neman, Ivan Kupec, Zora Jesenská a Milan Lajčiak
260 _aBratislava
_bNakladateľstvo Pravda
_c1951
300 _a227, [6] s.
490 1 _aPoézia
700 1 _aFabry, Rudolf
_4trl
700 1 _aNeman, Miroslav
_4trl
700 1 _aKupec, Ivan,
_d1922-1997
_4trl
700 1 _aJesenská, Zora
_4trl
700 1 _aLajčiak, Milan,
_d1926-1987
_4trl
830 0 _aPoézia
910 _aukb
942 _2ddc
_cKLDO
_n0
949 _61800604757
_aS.E.04092
_bN.80-64
949 _61800588635
_a20.E.01809
_bPV.B.2280-51
999 _c21195
_d21195